000 00536nam a2200169 a 4500
008 120416s1982 ||||||||||||||||| || u
050 _aJA 71 Cri
100 _aCrick, Bernard R
245 1 0 _aIn defence of politics
250 _a2nd ed.
260 _aHarmondsworth
_bPenguin
_c1982
300 _a241p.
350 _a0.00
650 _aPOLITICS
650 _aPOLITICAL DEFENCE
995 _D0.00
_FCBU-MAIN LIBRARY (Kitwe)
_H1
_I0.00
_M1
_UAVAILABLE
_ZAnnex Low-Usage Collection
999 _c46539
_d46539